Capitales de Europa por países - Estadísticas

Estadísticas generales
  • Esta prueba ha sido intentada 79 veces
  • La puntuación promedio es 43 de 45
Estadísticas de respuestas
Capital País % Correcto
Berlín Alemania
100%
Andorra la vieja Andorra
100%
Bruselas Bélgica
100%
Ciudad del Vaticano Ciudad del Vaticano
100%
Madrid España
100%
Helsinki Finlandia
100%
Atenas Grecia
100%
Dublín Irlanda
100%
Luxemburgo Luxemburgo
100%
Mónaco Mónaco
100%
Lisboa Portugal
100%
Londres Reino Unido
100%
Bucarest Rumania
100%
Estocolmo Suecia
100%
Kiev Ucrania
100%
París Francia
98%
Roma Italia
98%
Oslo Noruega
98%
Ámsterdam Países bajos
98%
Praga República Checa
98%
Moscú Rusia
98%
Berna Suiza
98%
Copenhague Dinamarca
96%
Riga Letonia
96%
San Marino San Marino
96%
Budapest Hungría
95%
Reikiavík Islandia
95%
Vilna Lituania
95%
La Valeta Malta
95%
Viena Austria
93%
Bratislava Eslovaquia
93%
Belgrado Serbia
93%
Tirana Albania
91%
Sofía Bulgaria
91%
Skopie Macedonia del Norte
91%
Varsovia Polonia
91%
Sarajevo Bosnia y Herzegovina
89%
Zagreb Croacia
89%
Liubliana Eslovenia
87%
Chișinău Moldavia
87%
Tallin Estonia
85%
Minsk Bielorusia
84%
Podgorica Montenegro
84%
Pristina Kosovo
78%
Vaduz Liechtenstein
73%
No se encontraron pruebas coincidentes
Distribución de puntuación
Porcentaje de gente con cada puntuación
Porcentaje por número respondido
Historial de tus puntuaciones
No has intentado esta prueba.